000
00301nam a2200121Ia 4500
008
190216s9999||||xx |||||||||||||| ||und||
100
_a
John G Kemeny
245
0
_a
Introduction To Finite Mathematics
250
_a
III
260
_b
Pentice Hall Of India
650
_a
Mathematics
942
_c
BK
999
_c
30693
_d
30693